LEADER 00721nam0-22002771i-450- 001 990006352300403321 005 19980601 035 $a000635230 035 $aFED01000635230 035 $a(Aleph)000635230FED01 035 $a000635230 100 $a19980601d1964----km-y0itay50------ba 105 $a--------00-yy 200 1 $aWas heisst Wissenschaft?$fAlwin Diemer. 210 $aMeisenheim am Glan$cs.e.$d1964 215 $a83 p.$d24 cm 676 $a340.1 700 1$aDiemer,$bAlwin$0230901 801 0$aIT$bUNINA$gRICA$2UNIMARC 901 $aBK 912 $a990006352300403321 952 $aXI I 163$b86982$fFGBC 959 $aFGBC 996 $aWas heisst Wissenschaft$9657984 997 $aUNINA DB $aGIU01 LEADER 01125nam--2200349---450 001 990006024120203316 005 20220317092157.0 010 $a978-88-307-2143-2 035 $a000602412 035 $aUSA01000602412 035 $a(ALEPH)000602412USA01 035 $a000602412 100 $a20141013d2013----km-y0itay50------ba 101 $aita 102 $aIT 105 $a||||||||001yy 200 1 $a<> lista di Bergoglio$ei salvati da Francesco durante la dittatura: la storia mai raccontata$fNello Scavo$gprefazione di Adolfo Perez Esquivel$gcontiene l'interrogatorio inedito del cardinale Jorge Mario Bergoglio al Processo Esma del 2010 210 $aBologna$cEMI$d2013 215 $a190 p.$d22 cm 225 2 $aEmisferi 410 0$12001$aEmisferi 454 1$12001 606 0 $aPerseguitati politici$yArgentina$z1976-1984$2BNCF 676 $a323.490982 700 1$aSCAVO,$bNello$0620134 801 0$aIT$bsalbc$gISBD 912 $a990006024120203316 951 $aX.3.B. 7427$b248798 L.M.$cX.3.B.$d369043 959 $aBK 969 $aUMA 996 $aLista di Bergoglio$91077617 997 $aUNISA